000 00693nam a2200181Ia 4500
003 GCL
008 140319s9999 xx 000 0 ara d
040 _aGCL /
_cGCL
082 0 4 _a216.2
_bع د
100 1 _aعلى بن حسن بن على بن عبدالحميد الحلبى
245 1 0 _aدلائل التحقيق لابطال قصة الغرانيق: رواية ودراية /
_cعلى بن حسن بن على بن عبدالحميد الحلبى
260 _a[S.N] :
_bمكتبة التابعين ،
_c1992
300 _a251 ص
490 _aالاجزاء ا لحديثية
_v0
650 0 4 _aالاسلام
650 0 4 _aدفع المطاعن عن الاسلام
942 _2ddc
_cBK
999 _c55116
_d55116